Rôle des vers de terre dans la formation de la terre végétale / (Record no. 48352)

MARC details
000 -LEADER
campo de control de longitud fija 00796nam a22002295i 4500
001 - NÚMERO DE CONTROL
campo de control 48352
003 - IDENTIFICADOR DE NÚMERO DE CONTROL
campo de control ES-MaACL
005 - FECHA Y HORA DE LA ÚLTIMA TRANSACCIÓN
campo de control 20250826000327.0
007 - CAMPO FIJO DE DESCRIPCIÓN FÍSICA--INFORMACIÓN GENERAL
campo de control de longitud fija t|
008 - DATOS DE LONGITUD FIJA--INFORMACIÓN GENERAL
campo de control de longitud fija 950714s1882 fr ||||1| fre d
040 ## - FUENTE DE CATALOGACIÓN
Centro catalogador/agencia de origen CAM
Lengua de catalogación spa
Centro/agencia transcriptor CAM
100 1# - ENTRADA PRINCIPAL--NOMBRE DE PERSONA
Nombre de persona Darwin, Charles,
Fechas asociadas al nombre 1809-1882
9 (RLIN) 42770
245 10 - MENCIÓN DEL TÍTULO
Título Rôle des vers de terre dans la formation de la terre végétale /
Mención de responsabilidad, etc. par Charles Darwin...; traduit del'anglais par M. Levéque ; préface de M. Edmond Perriér...
260 ## - PUBLICACIÓN, DISTRIBUCIÓN, ETC.
Lugar de publicación, distribución, etc. Paris :
Nombre del editor, distribuidor, etc. C. Reinwald,
Fecha de publicación, distribución, etc. 1882 (
Lugar de fabricación/manufactura Dole :
Fabricante Typ. Dh. Blind)
300 ## - DESCRIPCIÓN FÍSICA
Extensión XXVIII, 264 p. ;
Dimensiones 23 cm.
650 #7 - PUNTO DE ACCESO ADICIONAL DE MATERIA--TÉRMINO DE MATERIA
Término de materia o nombre geográfico como elemento de entrada Lumbrícidos
Fuente del encabezamiento o término embne
9 (RLIN) 155176
650 #4 - PUNTO DE ACCESO ADICIONAL DE MATERIA--TÉRMINO DE MATERIA
Término de materia o nombre geográfico como elemento de entrada Humus.
9 (RLIN) 143397
700 1# - ENTRADA AGREGADA--NOMBRE PERSONAL
Nombre de persona Perrier, Edmond.
9 (RLIN) 91351
700 1# - ENTRADA AGREGADA--NOMBRE PERSONAL
Nombre de persona Levêque, M.
9 (RLIN) 155175
852 ## - LOCALIZACIÓN
Ubicación ES-MaACL
Número de control de estantería B-1652
Holdings
Estatus retirado Estado de pérdida Estado de daño No para préstamo Colección Biblioteca de origen Biblioteca actual Ubicación en estantería Fecha de adquisición Fuente de adquisición Total de préstamos Signatura topográfica completa Código de barras Visto por última vez Precio de reemplazo Tipo de ítem Koha
        Libros del s. XIX Biblioteca del Ateneo de Madrid Biblioteca del Ateneo de Madrid Sala Pardo Bazán 17/01/2008     B-1652 1050886 23/02/2023 23/02/2023 Libro impreso antiguo